Music Quiz

Random Music or Clip Quiz

5-Letter Songs by Clip Quiz Stats

 Plays Quiz Updated Oct 18, 2018

Score 0/44 Timer 11:00
0 Plays Today
Time Title % Correct
0:10Angel
74.6%
2:15Rehab
74.3%
0:20Bitch
73.6%
3:25Toxic
72.3%
0:55Faith
67.2%
1:40Loser
64%
0:40Creep
62.3%
1:10Hello
57%
3:30Venus
56.8%
1:35Layla
53.7%
2:50Smile
52.6%
2:35Shout
50.3%
2:00Music
49.7%
0:05Alone
46.3%
2:45Slide
40.3%
3:05Stand
38.5%
1:50Mandy
37.9%
2:20Relax
36.4%
0:15Angie
35.5%
1:05Hands
35%
0:45Crush
33.3%
0:00Again
32.9%
Time Title % Correct
2:55Sober
32.5%
0:25Conga
30.8%
3:20Sugar
29.6%
2:05Nasty
27.9%
3:00Sorry
27.6%
0:30Crazy
26%
0:50Drive
24.4%
2:40Signs
23%
2:30Shoop
21.7%
3:35Woman
17.5%
1:30Kyrie
16.5%
1:00Fresh
16.2%
0:35Cream
15.2%
1:25Karma
13.4%
2:10Never
11.1%
1:45Magic
9.1%
3:10Still
8.6%
1:15Human
8.5%
2:25Shame
6.6%
1:55Mouth
6.6%
3:15Strut
5.9%
1:20Iesha
4.3%

You're not logged in!

Compare scores with friends on all Sporcle quizzes.
OR
Log In

Sporcle TV

Today on Sporcle TV


Watch our educational content, quiz creation guides, and fun videos on Sporcle TV.

Show Comments

Extras

Top Quizzes Today


Score Distribution

Your Account Isn't Verified!

In order to create a playlist on Sporcle, you need to verify the email address you used during registration. Go to your Sporcle Settings to finish the process.

Report this User

Report this user for behavior that violates our Community Guidelines.

Details: